Chitty on contracts (Record no. 103598)
[ view plain ]
| 000 -LEADER | |
|---|---|
| fixed length control field | 01316cam a2200421 4500 |
| 008 - FIXED-LENGTH DATA ELEMENTS--GENERAL INFORMATION | |
| fixed length control field | 000000n2004 000 0 eng u |
| 020 ## - INTERNATIONAL STANDARD BOOK NUMBER | |
| International Standard Book Number | 0421843004 |
| 020 ## - INTERNATIONAL STANDARD BOOK NUMBER | |
| International Standard Book Number | 0421842601 |
| 035 ## - SYSTEM CONTROL NUMBER | |
| System control number | (Sirsi) u126283 |
| 041 ## - LANGUAGE CODE | |
| Language code of text/sound track or separate title | eng |
| 050 ## - LIBRARY OF CONGRESS CALL NUMBER | |
| Classification number | 346.4102 |
| -- | 18 |
| 245 ## - TITLE STATEMENT | |
| Title | Chitty on contracts |
| Remainder of title | volume II - specific contracts |
| 250 ## - EDITION STATEMENT | |
| Edition statement | 29th ed. |
| 260 ## - PUBLICATION, DISTRIBUTION, ETC. | |
| Place of publication, distribution, etc. | London |
| Name of publisher, distributor, etc. | Sweet and Maxwell |
| Date of publication, distribution, etc. | 2004 |
| 300 ## - PHYSICAL DESCRIPTION | |
| Extent | 2 v. (cccxxxiv, 1785p.) |
| Dimensions | 25cm. |
| 350 ## - PRICE (NR) (BK AM CF MU VM SE) [OBSOLETE] | |
| Price | 330 |
| 490 ## - SERIES STATEMENT | |
| Series statement | Sweet and Maxwell Common Law Library |
| Volume/sequential designation | 2 |
| 505 ## - FORMATTED CONTENTS NOTE | |
| Formatted contents note | Agency |
| 505 ## - FORMATTED CONTENTS NOTE | |
| Formatted contents note | Arbitration |
| 505 ## - FORMATTED CONTENTS NOTE | |
| Formatted contents note | Bailment |
| 505 ## - FORMATTED CONTENTS NOTE | |
| Formatted contents note | Bills of exchange and banking |
| 505 ## - FORMATTED CONTENTS NOTE | |
| Formatted contents note | Carriage by air |
| 505 ## - FORMATTED CONTENTS NOTE | |
| Formatted contents note | Carriage by land |
| 505 ## - FORMATTED CONTENTS NOTE | |
| Formatted contents note | Construction contracts |
| 505 ## - FORMATTED CONTENTS NOTE | |
| Formatted contents note | Credit and security |
| 505 ## - FORMATTED CONTENTS NOTE | |
| Formatted contents note | Employment |
| 505 ## - FORMATTED CONTENTS NOTE | |
| Formatted contents note | Gaming and wagering |
| 505 ## - FORMATTED CONTENTS NOTE | |
| Formatted contents note | Insurance |
| 505 ## - FORMATTED CONTENTS NOTE | |
| Formatted contents note | Restrictive agreements and competition |
| 505 ## - FORMATTED CONTENTS NOTE | |
| Formatted contents note | Sale of goods |
| 505 ## - FORMATTED CONTENTS NOTE | |
| Formatted contents note | Suretyship |
| 520 ## - SUMMARY, ETC. | |
| Summary, etc. | Second volume of this two volume work looking in detail at specific types of contracts. Includes tables of statutes, statutory instruments, non-UK statutory material, cases and European cases. |
| 650 ## - SUBJECT ADDED ENTRY--TOPICAL TERM | |
| Topical term or geographic name entry element | CONTRACT LAW |
| 650 ## - SUBJECT ADDED ENTRY--TOPICAL TERM | |
| Topical term or geographic name entry element | Contracts |
| 9 (RLIN) | 6232 |
| 690 ## - LOCAL SUBJECT ADDED ENTRY--TOPICAL TERM (OCLC, RLIN) | |
| Topical term or geographic name as entry element | LAW |
| 700 ## - ADDED ENTRY--PERSONAL NAME | |
| Personal name | Beale, H.G. |
| International Standard Serial Number | Editor |
| 942 ## - ADDED ENTRY ELEMENTS (KOHA) | |
| Suppress in OPAC | 0 |
No items available.